000 00336nam a22001337a 4500
020 _a9690014218
040 _cNust
082 _a297.122
_bMHM
100 _aKhuwaja Muhammed Aslam
_9126290
245 _aIstilahat e Quran
260 _aLahore:
_bFerozsons publishers,
_c1998.
650 _aIstilahat e Quran
_9126291
942 _2ddc
_cBK
999 _c611996
_d611996